| 000 | 00853nam a2200289 4500 | ||
|---|---|---|---|
| 003 | ISO | ||
| 005 | 20260530115314.0 | ||
| 008 | 260420b1975 NYUa|||| |||| 00| 0 eng d | ||
| 020 | _a0394730631 | ||
| 040 |
_aICI _bspa _cICI |
||
| 041 | _aeng | ||
| 050 |
_aTT197 _b.D35 1975 |
||
| 100 |
_aDal Fabbro, Mario. _eautor _933258 |
||
| 245 |
_aHow to make furniture without tools / _cMario Dal Fabbro |
||
| 264 |
_aNew York : _bVan Nostrand Reinhold Company, _c1975 |
||
| 300 |
_a160 páginas : _bilustraciones ; _c24 cm |
||
| 336 |
_2rdacontent _atexto |
||
| 337 |
_2rdamedia _asin medio |
||
| 338 |
_2rdacarrier _avolumen |
||
| 650 |
_aMuebles _96141 |
||
| 650 | _aCarpintería | ||
| 650 | _aDiseño de muebles | ||
| 650 | _aBricolaje | ||
| 650 |
_aTrabajo manual en madera _933262 |
||
| 655 |
_2local _aLibros prácticos _933263 |
||
| 942 |
_2lcc _n0 _cBK |
||
| 999 |
_c13493 _d13493 |
||